La imagen del fuego en Roma y Persia: Principio y conexión arcáica

Guardat en:
Dades bibliogràfiques
Autor principal: Carrasco Alvarez, Sergio (Autor)
Format: Llibre
Idioma:espanyol
Publicat: Viña del Mar Pontificia Universidad Católica de Valparaíso 2002
Matèries:
Etiquetes: Afegir etiqueta
Sense etiquetes, Sigues el primer a etiquetar aquest registre!

MARC

LEADER 00000nam a2200000 a 4500
001 UCG1157
003 CL-VaPUC
005 20200123183256.0
008 100422e20020000cl 1 spa d
082 0 4 |a 398.2  |b CAR  |2 21 
100 1 |a Carrasco Alvarez, Sergio  |e author  |9 621581 
245 1 3 |a La imagen del fuego en Roma y Persia: Principio y conexión arcáica 
246 1 0 |a XX Semana de Estudios Romanos 
260 |a Viña del Mar  |b Pontificia Universidad Católica de Valparaíso  |c 2002 
583 |a last modification  |c 20100422 00:00:00  |k Rodrigo Vera 
650 0 7 |a MITOLOGIA GRIEGA HISTORIA  |2 CL-VaPUC  |9 621582 
650 0 7 |a DIOSES GRIEGOS  |2 CL-VaPUC  |9 319074 
650 0 7 |a NUMENES  |2 CL-VaPUC  |9 621583 
650 0 7 |a FAUNOS Y SILVANOS  |2 CL-VaPUC  |9 621584 
650 0 7 |a SEMIDIOSES  |2 CL-VaPUC  |9 621585 
942 |c BK 
945 |a dcastane  |d 20100422 00:00:00 
546 |a En Español 
536 |a Pontificia Universidad Católica de Valparaíso. Instituto de Historia 
518 |p Semana de Estudios Romanos, 20, Viña del Mar, 22 al 25 octubre 2002 
999 |c 384528  |d 384526 
952 |0 0  |1 0  |4 0  |6 398_200000000000000_CAR_2002  |7 0  |8 R  |9 507317  |a BIBHIS  |b BIBHIS  |d 2020-01-23  |h vhs  |i 4613481  |o 398.2 CAR 2002  |p 4613481  |r 2020-01-23  |w 2020-01-23  |y BK_R  |k HIS